A Lifetime of Labor

Wedi'i Gadw mewn:
Manylion Llyfryddiaeth
Fformat: Llyfr
Iaith:English
Cyhoeddwyd: 1990
Pynciau:
Tagiau: Ychwanegu Tag
Dim Tagiau, Byddwch y cyntaf i dagio'r cofnod hwn!
Thư viện lưu trữ: Mạng thư viện Đại học Đà Nẵng
LEADER 01062cam a22003251a 4500
001 000034483
003 10681
005 20151029000000.0
008 151027s1990 000 eng
020 |a 15586212572 
041 |a eng 
082 |a 823  |b DA-A 
245 |a A Lifetime of Labor  |c Daniels, Arlence Kaplan 
260 |c 1990 
300 |a 1967p. : ill ; 25cm 
650 |a Lifetime, Labor, 1990, Arlence Kaplan Daniels 
852 |b Chuyên đề  |c Văn học nước ngoài 
OWN |a LNN 
AVA |a UDN50  |b LNN  |d 823 DA-A  |e available  |t Error 5001 Not defined in file expand_doc_bib_avail.  |f 1  |g 0  |h N  |i 0  |k 1 
999 |a From the UDN01 
AVA |a UDN50  |b LNN  |d 823 DA-A  |e available  |t Error 5001 Not defined in file expand_doc_bib_avail.  |f 1  |g 0  |h N  |i 0  |k 1 
TYP |a Monograph 
TYP |a Printed language 
980 |a Mạng thư viện Đại học Đà Nẵng